W jakich krainach historycznych leżą te miasta? - Statystyki

Ogólne statystyki
  • Ten quiz został rozwiązany 62 razy
  • Średni wynik to 9 z 15
Statystyki odpowiedzi
Zagadnienie Odpowiedź % Poprawnych
Przemyśl Ruś Czerwona
87%
Gniezno Wielkopolska
87%
Bydgoszcz Kujawy
80%
Białystok Podlasie
80%
Leszno Wielkopolska
73%
Częstochowa Małopolska
67%
Rzeszów Ruś Czerwona
67%
Radom Małopolska
60%
Zielona Góra Śląsk
60%
Siedlce Małopolska
53%
Słupsk Pomorze Zachodnie
53%
Dąbrowa Górnicza Małopolska
47%
Łomża Mazowsze
40%
Grudziądz Pomorze Wschodnie
40%
Łódź Ziemia Łęczycka
40%
Nie znaleziono quizów pasujących do podanych kryteriów
Rozkład punktacji
Procent ludzi z każdym wynikiem
Percentyl według liczby udzielonych odpowiedzi
Twoja historia wyników
Nie rozwiązałeś tego quizu